West Asia Cities Map Quiz - Statistics

General Stats
  • This quiz has been taken 278 times
  • The average score is 22 of 36
Answers on the Map
Answers color-coded by a green-red scale on the quiz's map according to % correct below.
 
Answer Stats
Answer % Correct
İstanbul
78%
Damascus
دمشق
74%
Ankara
73%
Amman
عَمّان
72%
Beirut
بيروت
72%
Doha
الدوحة‎
72%
Dubai
دبي
72%
Tel Aviv
תל אביב
72%
Baghdad
بغداد
71%
Aleppo
ﺣَﻠَﺐ
69%
Kabul
کابل
69%
Kuwait City
مدينة الكويت
69%
Mecca
مَـكَّـة
68%
Sana'a
صَنْعَاء
68%
İzmir
67%
Riyadh
الرياض
67%
Abu Dhabi
أبوظبي
66%
Jeddah
جدة
65%
Mosul
الموصل
64%
Manama
المنامة
63%
Karachi
کراچی‬
62%
Tehran
تهران
60%
Adana
57%
Gaziantep
56%
Lahore
لہور‬
53%
Bursa
50%
Isfahan
اصفهان
49%
Mashhad
مشهد
49%
Shiraz
شیراز
48%
Tabriz
تبریز
47%
Peshawar
پېښور
46%
Hyderabad
حیدر آباد‬
43%
Rawalpindi
راولپِنڈی‬
43%
Faisalabad
فیصل آباد‬‎
42%
Multan
مُلتان‬
40%
Gujranwala
گوجرانوالا‬
36%
No matching quizzes found
Score Distribution
Percent of People with Each Score
Percentile by Number Answered
Your Score History
You have not taken this quiz